| 000 | 00421nam a22001697a 4500 | ||
|---|---|---|---|
| 999 |
_c526992 _d526992 |
||
| 003 | NUST | ||
| 020 | _qH/B | ||
| 038 | _awaseem | ||
| 082 |
_a891.421 _bMUZ |
||
| 100 |
_aMuzamil, Shahbaz _918038 |
||
| 245 |
_aIshaq De Diva / _cShahbaz Muzamil |
||
| 260 |
_aLahore : _bIPLAC, _c2004. |
||
| 300 | _a120 p. ; | ||
| 880 |
_6100-01\r _aشہباز مزمل |
||
| 880 |
_6245-02\r _aعشق دا دِیوا / |
||
| 942 |
_2ddc _cBK |
||